Investičná mašina na peniaze alebo sklamanie?
Ekonomický profil Slovenska sa ukazuje byť čoraz atraktívnejší pre mimoeurópskych investorov, príkladom sú nedávne kórejské a čínske investície do miestneho (elektro) automobilového priemyslu. V pláne sú však aj veľké štátne investície do rozvoja jadrovej energetiky.
Saved in:
| Main Author: | |
|---|---|
| Format: | Book Chapter |
| Language: | Slovak |
| Subjects: | |
| Tags: |
No Tags, Be the first to tag this record!
|
MARC
| LEADER | 00000naa a2200000 4500 | ||
|---|---|---|---|
| 001 | 0312202 | ||
| 005 | 20250912103516.5 | ||
| 041 | 0 | |a slo | |
| 044 | |a CZ | ||
| 245 | 1 | 0 | |a Investičná mašina na peniaze alebo sklamanie? |c Kristína Zavodníková |
| 520 | |a Ekonomický profil Slovenska sa ukazuje byť čoraz atraktívnejší pre mimoeurópskych investorov, príkladom sú nedávne kórejské a čínske investície do miestneho (elektro) automobilového priemyslu. V pláne sú však aj veľké štátne investície do rozvoja jadrovej energetiky. | ||
| 610 | 2 | 0 | |a investície zahraničné |
| 610 | 2 | 0 | |a priemysel automobilový |
| 610 | 2 | 0 | |a plán investičný |
| 610 | 2 | 0 | |a energetika |
| 610 | 2 | 0 | |a energia atómová |
| 100 | 1 | |a Zavodníková, Kristína | |